English pronunciation in use [Đĩa CD-ROM] /
Đã lưu trong:
| 主要作者: | |
|---|---|
| 格式: | CD |
| 语言: | Vietnamese |
| 出版: |
Cambridge :
Cambridge University,
2003
|
| 标签: |
添加标签
没有标签, 成为第一个标记此记录!
|
| Thư viện lưu trữ: | Thư viện Trường Đại học Đà Lạt |
|---|
| LEADER | 00628nam a2200265 4500 | ||
|---|---|---|---|
| 001 | DLU050030867 | ||
| 005 | ##20041229 | ||
| 040 | # | # | |a DLU |b vie |
| 041 | # | # | |a vie |
| 044 | # | # | |a vn |
| 082 | # | # | |a 428.1 |b HA-M |
| 100 | # | # | |a Hancock, Mark |
| 245 | # | # | |a English pronunciation in use |b [Đĩa CD-ROM] / |c Mark Hancock |
| 260 | # | # | |a Cambridge : |b Cambridge University, |c 2003 |
| 300 | # | # | |a 4 đĩa CD-ROM 4 3/4 in. |
| 923 | # | # | |a 44/2004 |
| 992 | # | # | |a 400000 |
| 994 | # | # | |a DLU |
| 900 | # | # | |a True |
| 911 | # | # | |a Phan Ngọc Đông |
| 925 | # | # | |a CD |
| 926 | # | # | |a A |
| 927 | # | # | |a CD |
| 980 | # | # | |a Thư viện Trường Đại học Đà Lạt |